[Event "Vojvodina-chT"]
[Site "Novi Sad"]
[Date "2015.11.13"]
[Round "4.4"]
[White "Tomic, Vjekoslav"]
[Black "Krejic, Igor"]
[Result "1-0"]
[WhiteElo "2232"]
[BlackElo "2226"]
[PlyCount "87"]
[EventDate "2015.11.10"]
[EventType "team-tourn"]
[EventRounds "9"]
[EventCountry "SRB"]
[SourceTitle "CBM 169 Extra"]
[Source "ChessBase"]
[SourceDate "2015.12.18"]
[SourceVersion "1"]
[SourceVersionDate "2015.12.18"]
[SourceQuality "1"]
[WhiteTeam "Beska Hajduk"]
[BlackTeam "Novi Sad Vojvodina"]
[WhiteTeamCountry "SRB"]
[BlackTeamCountry "SRB"]

1. e4 e5 2. Nf3 Nf6 3. Nxe5 d6 4. Nf3 Nxe4 5. d3 Nf6 6. d4 d5 7. Bd3 Be7 8. Ne5 0-0 9. 0-0 Nbd7 10. Re1 Re8 11. Bf4 Nf8 12. Nd2 Ne6 13. Be3 c5 14. c3 Qb6 15. Rb1 Qa5 16. a3 Qc7 17. Ndf3 Ne4 18. Nd2 f6 19. Qh5 g6 20. Nxg6 hxg6 21. Qxg6+ Ng7 22. Bh6 Bf8 23. Nxe4 Rxe4 24. Bxe4 dxe4 25. Bxg7 Qxg7 26. Qxe4 Bg4 27. dxc5 Rd8 28. h3 Bh5 29. Re3 Bg6 30. Qc4+ Qf7 31. Qg4 Kh7 32. Rbe1 Bxc5 33. Re6 Rd7 34. Qh4+ Kg7 35. b4 Bf8 36. Qg3 Kh7 37. c4 Bh6 38. Qf3 Kg7 39. c5 Bg5 40. b5 f5 41. c6 bxc6 42. bxc6 Rd2 43. Qc3+ Kh6 44. c7 1-0

[Event "Vojvodina-chT"]
[Site "Kac"]
[Date "2014.11.09"]
[Round "2"]
[White "Matic, Novica"]
[Black "Tomic, Vjekoslav"]
[Result "0-1"]
[WhiteElo "2025"]
[BlackElo "2237"]
[PlyCount "116"]
[EventDate "2014.11.08"]
[EventType "team-tourn"]
[EventRounds "11"]
[EventCountry "SRB"]
[SourceTitle "EXT 2016"]
[Source "ChessBase"]
[SourceDate "2015.10.08"]
[SourceVersion "1"]
[SourceVersionDate "2015.10.08"]
[SourceQuality "1"]

1. Nf3 Nf6 2. c4 g6 3. g3 Bg7 4. Bg2 0-0 5. Nc3 d6 6. d4 Nbd7 7. 0-0 c6 8. h3 Qc7 9. e4 Re8 10. Re1 e5 11. d5 a5 12. Be3 Nc5 13. Qc2 Nfd7 14. Rab1 h6 15. b3 Nb6 16. g4 Na6 17. Rec1 c5 18. a3 Qe7 19. Bf1 Nd7 20. Ne1 Nf8 21. Qd2 Kh7 22. Bd3 Bd7 23. f3 Rab8 24. Qf2 Bf6 25. Ng2 g5 26. Rb2 Ng6 27. Qe2 Kg7 28. Bd2 Nf4 29. Nxf4 exf4 30. Rbb1 Be5 31. Na2 b6 32. Bc3 Rh8 33. Qb2 Kf6 34. b4 axb4 35. axb4 Rhc8 36. b5 Nc7 37. Re1 Ra8 38. Rbc1 Ra7 39. Bb1 Rca8 40. Bxe5+ Qxe5 41. Rc2 Ne8 42. Nc1 Ra3 43. Kf2 R8a4 44. Ree2 Qxb2 45. Rxb2 Rxc4 46. Nd3 Rd4 47. e5+ Kg7 48. exd6 Rdxd3 49. Bxd3 Rxd3 50. Re7 Nf6 51. Ra2 Rxd5 52. Ra6 Rxd6 53. Ra7 Be6 54. Rec7 Rd2+ 55. Ke1 Rb2 56. Rc6 Bc4 57. Rxb6 Nd5 58. Rbb7 Ne3 0-1